Savarkar: (Record no. 212641)

MARC details
000 -LEADER
fixed length control field 00631nam a22001937a 4500
005 - DATE AND TIME OF LATEST TRANSACTION
control field 20250728111259.0
010 ## - LCCN (DPL NO)
LC control number ENG-146173
020 ## - INTERNATIONAL STANDARD BOOK NUMBER
International Standard Book Number 9780670090303
Terms of availability 1299.00
035 ## - SYSTEM CONTROL NUMBER
System control number EN-129705
037 ## - SOURCE OF ACQUISITION
Source of stock number/acquisition DBAD
082 ## - DEWEY DECIMAL CLASSIFICATION NUMBER
Classification number 921
Edition number 1
100 ## - MAIN ENTRY--PERSONAL NAME
Personal name Sampath, Vikram
245 ## - TITLE STATEMENT
Title Savarkar:
Remainder of title Echoes From A Forgotten Past 1883-1924/
Statement of responsibility, etc Vikram Sampath
250 ## - EDITION STATEMENT
Edition statement 1
260 ## - PUBLICATION, DISTRIBUTION, ETC. (IMPRINT)
Place of publication, distribution, etc Haryana
Name of publisher, distributor, etc Penguin Random House India
Date of publication, distribution, etc 2019
270 ## - ADDRESS
Address Penguin Random House India Pvt. Ltd. 7th Floor , Infinity Tower C, DLF Cyber City
City Haryana
Postal code 122002
300 ## - PHYSICAL DESCRIPTION
Extent xxi, 575p.
Dimensions 24 cm(hb)
942 ## - ADDED ENTRY ELEMENTS (KOHA)
Source of classification or shelving scheme Dewey Decimal Classification
Item type English Books
Classification part 921
Call number suffix SAM
Edition 1
Holdings
Withdrawn status Lost status Not for loan Collection code Home library Current library Date acquired Source of acquisition Cost, normal purchase price Full call number Barcode Copy number Cost, replacement price Koha item type
      Non-fiction Central Library Central Library 28/07/2025 Delivery of Books Act Division 1299.00 921 SAM EN-129705 1 1299.00 English Books

© Delhi Public Library
Hit Counter
free hit counter